| 000 | 00667nam a2200217 a 4500 | ||
|---|---|---|---|
| 001 | BRCA_3904 | ||
| 005 | 20190320204453.0 | ||
| 008 | 090110s1929----nyu#######---#000-0#eng-# | ||
| 041 | _aeng | ||
| 044 | _anyu | ||
| 050 | 4 |
_aHC135 _b.S54 1929 |
|
| 100 | 1 |
_aSherwell, Guillermo Butler. _910151 |
|
| 245 | 1 | 0 |
_aMexico´s capacity to pay _ba general analysis of the present international economic position of Mexico _cby G. Butler Sherwell. |
| 260 |
_aNew York _bG.B. Sherwell _c1929 |
||
| 300 |
_a119 p. _c23 cm. |
||
| 500 | _aC50 | ||
| 650 | 1 | 4 |
_aDeuda pública _eMéxico _910152 |
| 651 | 4 |
_aMéxico _vCondiciones económicas _910038 |
|
| 902 | _aGFM | ||
| 942 |
_2lcc _cB |
||
| 999 |
_c3631 _d3631 |
||